[Event "PMPJ 2022 - C17"]
[Site "Jastrzebia Gora"]
[Date "2022.11.06"]
[Round "1.24"]
[White "Bem, Tymoteusz"]
[Black "Borzecki, Jakub"]
[Result "1-0"]
[BlackElo "1179"]
[WhiteElo "1652"]
[LiveChessVersion "1.4.8"]

1. d4 {[%clk 1:30:37]} Nf6 {[%clk 1:30:56]} 2. c4 {[%clk 1:30:43]} e6
{[%clk 1:31:19]} 3. Nf3 {[%clk 1:30:27]} d5 {[%clk 1:31:44]} 4. Nc3
{[%clk 1:30:19]} Nbd7 {[%clk 1:31:46]} 5. Bg5 {[%clk 1:30:03]} c6
{[%clk 1:30:54]} 6. e3 {[%clk 1:30:04]} Bd6 {[%clk 1:31:15]} 7. Qc2
{[%clk 1:27:48]} h6 {[%clk 1:30:43]} 8. Bh4 {[%clk 1:27:53]} O-O {[%clk 1:30:56]}
9. Rd1 {[%clk 1:27:05]} Re8 {[%clk 1:27:16]} 10. Bd3 {[%clk 1:23:42]} Qc7
{[%clk 1:24:27]} 11. c5 {[%clk 1:06:54]} Be7 {[%clk 1:24:08]} 12. Bg3
{[%clk 1:05:32]} Qd8 {[%clk 1:20:47]} 13. h3 {[%clk 1:03:57]} Nh5
{[%clk 1:10:56]} 14. Bh2 {[%clk 1:04:06]} g6 {[%clk 1:10:46]} 15. O-O
{[%clk 0:38:11]} e5 {[%clk 1:04:14]} 16. Nxe5 {[%clk 0:36:46]} Nxe5
{[%clk 1:01:59]} 17. Bxe5 {[%clk 0:37:08]} Bf6 {[%clk 1:02:07]} 18. Bxg6
{[%clk 0:33:07]} Bxe5 {[%clk 1:02:24]} 19. Bxh5 {[%clk 0:33:25]} Qg5
{[%clk 1:02:06]} 20. Bxf7+ {[%clk 0:30:32]} Kxf7 {[%clk 1:00:38]} 21. f4
{[%clk 0:29:22]} Bxf4 {[%clk 0:59:47]} 22. Rxf4+ {[%clk 0:29:45]} Kg7
{[%clk 0:59:32]} 23. Rdf1 {[%clk 0:29:16]} Re7 {[%clk 0:56:07]} 24. Qf2
{[%clk 0:29:30]} Bxh3 {[%clk 0:53:53]} 25. Qf3 {[%clk 0:23:15]} Rxe3
{[%clk 0:48:21]} 26. Rf7+ {[%clk 0:23:41]} Kg6 {[%clk 0:48:46]} 27. Qf6+
{[%clk 0:23:36]} Qxf6 {[%clk 0:47:32]} 28. R7xf6+ {[%clk 0:23:56]} Kh5
{[%clk 0:47:31]} 29. gxh3 {[%clk 0:24:20]} Rg8+ {[%clk 0:46:55]} 30. Kh2
{[%clk 0:24:36]} Rgg3 {[%clk 0:46:58]} 31. R1f5+ {[%clk 0:24:56]} Rg5
{[%clk 0:46:47]} 32. Rxg5+ {[%clk 0:24:42]} hxg5 {[%clk 0:47:09]} 33. Rf7
{[%clk 0:23:54]} Rd3 {[%clk 0:46:33]} 34. Rxb7 {[%clk 0:23:30]} Rxd4
{[%clk 0:46:44]} 35. Rh7+ {[%clk 0:18:19]} Kg6 {[%clk 0:47:01]} 36. Rc7
{[%clk 0:18:43]} Kf5 {[%clk 0:46:03]} 37. Rxc6 {[%clk 0:18:43]} Rd2+
{[%clk 0:46:28]} 38. Kg1 {[%clk 0:18:13]} d4 {[%clk 0:41:14]} 39. Na4
{[%clk 0:16:02]} Kf4 {[%clk 0:37:54]} 40. Rg6 {[%clk 0:14:37]} Kf3
{[%clk 0:37:09]} 41. Rxg5 {[%clk 0:14:03]} Rd1+ {[%clk 0:37:20]} 42. Kh2
{[%clk 0:14:27]} Rd2+ {[%clk 0:34:58]} 43. Kh1 {[%clk 0:14:54]} d3
{[%clk 0:35:03]} 44. c6 {[%clk 0:13:52]} Rc2 {[%clk 0:34:02]} 45. Nc3
{[%clk 0:14:00]} d2 {[%clk 0:29:31]} 46. Rg1 {[%clk 0:13:56]} d1=Q
{[%clk 0:29:23]} 47. Rxd1 {[%clk 0:14:04]} Kg3 {[%clk 0:29:38]} 48. c7
{[%clk 0:13:39]} Rh2+ {[%clk 0:29:54]} 49. Kg1 {[%clk 0:14:07]} Rg2+
{[%clk 0:30:15]} 50. Kf1 {[%clk 0:14:32]} Rf2+ {[%clk 0:30:35]} 51. Ke1
{[%clk 0:14:58]} Kh2 {[%clk 0:30:18]} 52. Kxf2 {[%clk 0:15:12]} 1-0

[Event "PMPJ 2022 - C17"]
[Site "Jastrzebia Gora"]
[Date "2022.11.06"]
[Round "1.25"]
[White "Wiosna, Krzysztof"]
[Black "Krasniewski, Szymon"]
[Result "1/2-1/2"]
[BlackElo "1645"]
[WhiteElo "1159"]
[LiveChessVersion "1.4.8"]

1. e4 {[%clk 1:30:57]} g6 {[%clk 1:30:56]} 2. d4 {[%clk 1:30:58]} Bg7
{[%clk 1:31:21]} 3. Nf3 {[%clk 1:31:08]} d6 {[%clk 1:31:46]} 4. Be3
{[%clk 1:30:23]} a6 {[%clk 1:31:40]} 5. Nc3 {[%clk 1:25:40]} b5 {[%clk 1:32:05]}
6. Bd3 {[%clk 1:17:20]} Nd7 {[%clk 1:31:35]} 7. Qd2 {[%clk 1:10:54]} Bb7
{[%clk 1:31:34]} 8. a3 {[%clk 1:03:12]} e6 {[%clk 1:29:38]} 9. b4
{[%clk 0:57:01]} c5 {[%clk 1:19:04]} 10. bxc5 {[%clk 0:46:37]} dxc5
{[%clk 1:19:30]} 11. Rd1 {[%clk 0:46:21]} c4 {[%clk 1:15:53]} 12. Be2
{[%clk 0:46:44]} Qa5 {[%clk 1:07:08]} 13. O-O {[%clk 0:25:30]} Qxa3
{[%clk 1:03:16]} 14. Ra1 {[%clk 0:24:55]} Qd6 {[%clk 0:49:42]} 15. e5
{[%clk 0:23:49]} Qc7 {[%clk 0:44:17]} 16. Ng5 {[%clk 0:22:08]} Ne7
{[%clk 0:40:30]} 17. Nge4 {[%clk 0:19:16]} O-O {[%clk 0:38:37]} 18. Nd6
{[%clk 0:18:12]} Bc6 {[%clk 0:37:15]} 19. Nce4 {[%clk 0:12:52]} Nf5
{[%clk 0:18:22]} 20. Qa5 {[%clk 0:08:42]} Qxa5 {[%clk 0:07:06]} 21. Rxa5
{[%clk 0:09:05]} Nxe3 {[%clk 0:03:45]} 22. fxe3 {[%clk 0:09:30]} Bxe4
{[%clk 0:01:10]} 23. Nxe4 {[%clk 0:09:48]} Nxe5 {[%clk 0:01:14]} 24. dxe5
{[%clk 0:08:29]} Bxe5 {[%clk 0:01:39]} 25. Bf3 {[%clk 0:07:22]} Ra7
{[%clk 0:00:55]} 26. Nc5 {[%clk 0:06:55]} b4 {[%clk 0:00:48]} 27. Rb1
{[%clk 0:06:03]} Rb8 {[%clk 0:00:43]} 28. Rxa6 {[%clk 0:04:37]} Rc7
{[%clk 0:00:40]} 29. Rc6 {[%clk 0:04:09]} Rxc6 {[%clk 0:00:46]} 30. Bxc6
{[%clk 0:04:38]} Rc8 {[%clk 0:00:45]} 31. Nd7 {[%clk 0:04:26]} Rxc6
{[%clk 0:00:38]} 32. Nxe5 {[%clk 0:04:54]} Rc5 {[%clk 0:01:01]} 33. Nf3
{[%clk 0:04:27]} Rb5 {[%clk 0:00:57]} 34. Kf2 {[%clk 0:04:05]} Kf8
{[%clk 0:00:51]} 35. Nd2 {[%clk 0:03:33]} c3 {[%clk 0:00:56]} 36. Nb3
{[%clk 0:03:06]} Ke7 {[%clk 0:01:03]} 37. Nd4 {[%clk 0:02:53]} Rd5
{[%clk 0:01:02]} 38. Rxb4 {[%clk 0:02:33]} e5 {[%clk 0:01:19]} 39. Nb3
{[%clk 0:02:19]} Rd1 {[%clk 0:00:41]} 40. Rc4 {[%clk 0:02:16]} g5
{[%clk 0:00:52]} 41. Rxc3 {[%clk 0:02:32]} g4 {[%clk 0:01:09]} 42. Nc5
{[%clk 0:02:08]} Rd2+ {[%clk 0:01:23]} 43. Kg3 {[%clk 0:02:08]} h5
{[%clk 0:01:26]} 44. h4 {[%clk 0:02:00]} f5 {[%clk 0:01:27]} 45. Nd3
{[%clk 0:02:03]} Kd6 {[%clk 0:01:12]} 46. Rc8 {[%clk 0:01:10]} Re2
{[%clk 0:01:18]} 47. Rd8+ {[%clk 0:01:16]} Ke7 {[%clk 0:01:30]} 48. Rh8
{[%clk 0:01:06]} Rxe3+ {[%clk 0:00:59]} 49. Kf2 {[%clk 0:01:31]} f4
{[%clk 0:01:14]} 50. Rxh5 {[%clk 0:01:45]} g3+ {[%clk 0:01:28]} 51. Kf1
{[%clk 0:01:41]} e4 {[%clk 0:00:52]} 52. Nxf4 {[%clk 0:01:31]} Ra3
{[%clk 0:00:55]} 53. Re5+ {[%clk 0:01:50]} Kf6 {[%clk 0:01:20]} 54. Rxe4
{[%clk 0:02:10]} Kf5 {[%clk 0:01:43]} 55. Rc4 {[%clk 0:01:58]} Re3
{[%clk 0:01:52]} 56. Ne2 {[%clk 0:01:59]} Ra3 {[%clk 0:02:00]} 57. Nd4+
{[%clk 0:01:58]} Ke5 {[%clk 0:02:14]} 58. Nb3 {[%clk 0:02:17]} Ra8
{[%clk 0:02:27]} 59. Ke2 {[%clk 0:02:26]} Rf8 {[%clk 0:02:46]} 60. Rc5+
{[%clk 0:02:09]} Kd6 {[%clk 0:03:02]} 61. Rg5 {[%clk 0:01:36]} Rf2+
{[%clk 0:03:25]} 62. Ke1 {[%clk 0:01:57]} Rxg2 {[%clk 0:03:45]} 63. Kf1
{[%clk 0:02:08]} Rxc2 {[%clk 0:03:34]} 64. Rxg3 {[%clk 0:02:18]} Rc4
{[%clk 0:03:42]} 65. Rh3 {[%clk 0:02:28]} Ke6 {[%clk 0:03:57]} 66. Nd2
{[%clk 0:02:22]} Ra4 {[%clk 0:04:02]} 67. Nf3 {[%clk 0:02:27]} Kf6
{[%clk 0:04:19]} 68. Kg2 {[%clk 0:02:38]} Kg6 {[%clk 0:04:42]} 69. Rg3+
{[%clk 0:02:44]} Kh6 {[%clk 0:05:05]} 70. Kh3 {[%clk 0:02:57]} Rf4
{[%clk 0:04:55]} 71. Nh2 {[%clk 0:02:26]} Rf8 {[%clk 0:04:46]} 72. Rg5
{[%clk 0:02:19]} Rf4 {[%clk 0:04:54]} 73. Kg3 {[%clk 0:02:27]} Rf8
{[%clk 0:05:13]} 74. Nf3 {[%clk 0:02:11]} Ra8 {[%clk 0:05:33]} 75. Rf5
{[%clk 0:02:13]} Kg6 {[%clk 0:05:37]} 76. Kg4 {[%clk 0:02:18]} Ra4+
{[%clk 0:05:49]} 77. Rf4 {[%clk 0:02:41]} Ra5 {[%clk 0:06:13]} 78. h5+
{[%clk 0:02:06]} Kh6 {[%clk 0:05:15]} 79. Rf6+ {[%clk 0:01:35]} Kh7
{[%clk 0:05:17]} 80. Nh4 {[%clk 0:01:48]} Kg7 {[%clk 0:05:23]} 81. Rg6+
{[%clk 0:02:07]} Kh7 {[%clk 0:05:40]} 82. Nf5 {[%clk 0:02:27]} Ra1
{[%clk 0:05:04]} 83. Rg7+ {[%clk 0:01:50]} Kh8 {[%clk 0:05:28]} 84. Rg6
{[%clk 0:00:49]} Kh7 {[%clk 0:05:43]} 85. Rh6+ {[%clk 0:00:49]} Kg8
{[%clk 0:06:07]} 86. Kg5 {[%clk 0:01:00]} Rg1+ {[%clk 0:05:30]} 87. Kf6
{[%clk 0:01:21]} Rf1 {[%clk 0:05:46]} 88. Rg6+ {[%clk 0:01:09]} Kh7
{[%clk 0:04:09]} 89. h6 {[%clk 0:01:00]} Rf2 {[%clk 0:04:10]} 90. Rg7+
{[%clk 0:00:50]} Kh8 {[%clk 0:04:35]} 91. Ra7 {[%clk 0:00:50]} Rf1
{[%clk 0:03:14]} 92. Kg6 {[%clk 0:00:58]} Rg1+ {[%clk 0:03:37]} 93. Kh5
{[%clk 0:01:18]} Rb1 {[%clk 0:02:49]} 94. Nh4 {[%clk 0:01:04]} Rb5+
{[%clk 0:02:32]} 95. Kg4 Rb6 {[%clk 0:02:15]} 96. Kg5 {[%clk 0:01:14]} Kg8
{[%clk 0:01:32]} 97. h7+ {[%clk 0:01:35]} Kh8 {[%clk 0:01:57]} 1/2-1/2

[Event "PMPJ 2022 - C17"]
[Site "Jastrzebia Gora"]
[Date "2022.11.06"]
[Round "1.26"]
[White "Maciaszek, Karol"]
[Black "Bujnowski, Adam"]
[Result "1-0"]
[BlackElo "1130"]
[WhiteElo "1631"]
[LiveChessVersion "1.4.8"]

1. e4 d6 2. d4 g6 3. Nc3 Bg7 4. Bc4 Nf6 5. Nf3 O-O 6. O-O Nxe4 7. Nxe4 d5 8. Bd3
dxe4 9. Bxe4 c5 10. c3 cxd4 11. Nxd4 Qc7 12. Be3 Bd7 13. Re1 Rd8 14. Qb3 Nc6 15.
Rad1 Na5 16. Qb4 Nc4 17. Bg5 a5 18. Qxb7 Qxb7 19. Bxb7 Rab8 20. Nc6 Bxc6 21.
Rxd8+ Rxd8 22. Bxc6 Nxb2 23. Bxe7 Bxc3 24. Bxd8 Bxe1 25. Bb5 f5 26. Bf6 Nd1 27.
Kf1 Bb4 28. Be2 Nc3 29. Bc4+ Kf8 30. a3 Ne4 31. axb4 Nd2+ 32. Ke2 Nxc4 33. Kd3
Nd6 34. bxa5 Ke8 35. a6 Nb5 36. Kc4 Nc7 37. Be5 Na8 38. Kb5 Kd7 39. a7 h6 40. Ka6
Kc6 41. Bf4 g5 42. Be5 h5 43. Bf6 g4 44. Be5 Nb6 45. Bd4 Na8 46. Ka5 Kd5 47. Be3
h4 48. g3 hxg3 49. hxg3 Kc6 50. Kb4 Nc7 51. Kc4 Na8 52. Kd4 Kd6 53. Bf4+ Ke6 54.
Kc5 Kd7 55. Bb8 Kc8 56. Kc6 Kd8 57. Kb7 Kd7 58. Be5 Kd8 59. Kxa8 1-0

[Event "PMPJ 2022 - C17"]
[Site "Jastrzebia Gora"]
[Date "2022.11.07"]
[Round "2.1"]
[White "Madajczak, Piotr"]
[Black "Hury, Tymoteusz"]
[Result "1/2-1/2"]
[BlackElo "1710"]
[WhiteElo "1902"]
[LiveChessVersion "1.4.8"]

1. e4 {[%clk 1:30:57]} e5 {[%clk 1:30:52]} 2. Nf3 {[%clk 1:31:20]} Nc6
{[%clk 1:31:17]} 3. Bb5 {[%clk 1:31:45]} a6 {[%clk 1:31:00]} 4. Bxc6
{[%clk 1:32:05]} dxc6 {[%clk 1:30:43]} 5. O-O {[%clk 1:32:27]} Bg4
{[%clk 1:28:17]} 6. h3 {[%clk 1:32:44]} h5 {[%clk 1:27:26]} 7. d3
{[%clk 1:33:05]} Qf6 {[%clk 1:25:27]} 8. Be3 {[%clk 1:33:22]} Bxf3
{[%clk 1:24:19]} 9. Qxf3 {[%clk 1:33:43]} Qxf3 {[%clk 1:24:18]} 10. gxf3
{[%clk 1:34:11]} Bd6 {[%clk 1:16:05]} 11. Nd2 {[%clk 1:34:26]} Ne7
{[%clk 1:10:46]} 12. Rfb1 {[%clk 1:34:36]} c5 {[%clk 0:56:18]} 13. Kf1
{[%clk 1:32:46]} f6 {[%clk 0:42:36]} 14. Nc4 {[%clk 1:24:54]} Nc6
{[%clk 0:38:15]} 15. f4 {[%clk 1:04:21]} exf4 {[%clk 0:30:40]} 16. Nxd6+
{[%clk 1:04:44]} cxd6 {[%clk 0:31:06]} 17. Bxf4 {[%clk 1:05:07]} O-O-O
{[%clk 0:26:17]} 18. Re1 {[%clk 0:41:43]} Nd4 {[%clk 0:21:06]} 19. Rac1
{[%clk 0:38:17]} g5 {[%clk 0:18:59]} 20. Be3 {[%clk 0:36:45]} Ne6
{[%clk 0:16:00]} 21. Kg2 {[%clk 0:28:23]} h4 {[%clk 0:12:05]} 22. Rcd1
{[%clk 0:27:43]} Rhe8 {[%clk 0:11:18]} 23. Bd2 {[%clk 0:17:25]} b6
{[%clk 0:08:50]} 24. Bc3 {[%clk 0:14:54]} Nf4+ {[%clk 0:07:48]} 25. Kh2
{[%clk 0:15:23]} Rf8 {[%clk 0:06:13]} 26. d4 {[%clk 0:13:14]} Ng6
{[%clk 0:02:39]} 27. dxc5 {[%clk 0:12:06]} dxc5 {[%clk 0:02:41]} 28. Rxd8+
{[%clk 0:04:21]} Kxd8 {[%clk 0:03:00]} 29. Rd1+ {[%clk 0:04:39]} Kc7
{[%clk 0:01:55]} 30. Rd5 {[%clk 0:04:38]} Ne7 {[%clk 0:01:54]} 31. Rd3
{[%clk 0:05:06]} Ng6 {[%clk 0:01:03]} 32. Rf3 {[%clk 0:05:14]} Nf4
{[%clk 0:01:12]} 33. Bd2 {[%clk 0:05:14]} Ng6 {[%clk 0:00:56]} 34. Rf5
{[%clk 0:02:44]} Ne7 {[%clk 0:01:03]} 35. Rf3 {[%clk 0:03:05]} Ng6
{[%clk 0:01:20]} 36. Rf5 1/2-1/2

[Event "PMPJ 2022 - C17"]
[Site "Jastrzebia Gora"]
[Date "2022.11.07"]
[Round "2.2"]
[White "Biesiadecki, Adam"]
[Black "Kulig, Pawel"]
[Result "1-0"]
[BlackElo "1887"]
[WhiteElo "1706"]
[LiveChessVersion "1.4.8"]

1. e4 {[%clk 1:30:58]} c5 {[%clk 1:30:56]} 2. Nf3 {[%clk 1:31:22]} g6
{[%clk 1:31:22]} 3. Bd3 {[%clk 1:31:44]} Bg7 {[%clk 1:31:06]} 4. h3
{[%clk 1:31:53]} e6 {[%clk 1:30:53]} 5. O-O {[%clk 1:32:13]} Ne7 {[%clk 1:31:07]}
6. c3 {[%clk 1:32:28]} O-O {[%clk 1:31:05]} 7. Bc2 {[%clk 1:32:53]} d5
{[%clk 1:30:38]} 8. exd5 {[%clk 1:32:39]} exd5 {[%clk 1:30:47]} 9. d4
{[%clk 1:32:57]} cxd4 {[%clk 1:30:15]} 10. Nxd4 {[%clk 1:31:41]} Nbc6
{[%clk 1:30:04]} 11. Be3 {[%clk 1:31:46]} Nxd4 {[%clk 1:28:30]} 12. Bxd4
{[%clk 1:32:03]} Nc6 {[%clk 1:28:27]} 13. Bxg7 {[%clk 1:32:09]} Kxg7
{[%clk 1:28:51]} 14. Ba4 {[%clk 1:30:06]} Be6 {[%clk 1:26:58]} 15. Bxc6
{[%clk 1:29:37]} bxc6 {[%clk 1:27:22]} 16. Qd4+ {[%clk 1:26:04]} Kg8
{[%clk 1:23:51]} 17. b3 {[%clk 1:18:59]} Qb6 {[%clk 1:22:02]} 18. Qh4
{[%clk 1:18:19]} c5 {[%clk 1:21:01]} 19. Nd2 {[%clk 1:17:46]} Qd8
{[%clk 1:20:10]} 20. Qh6 {[%clk 1:16:38]} Qf6 {[%clk 1:19:23]} 21. Nf3
{[%clk 1:16:34]} Bf5 {[%clk 1:17:01]} 22. Rad1 {[%clk 1:14:02]} Rfd8
{[%clk 1:13:20]} 23. Rfe1 {[%clk 1:00:31]} Qxc3 {[%clk 1:03:10]} 24. Re5
{[%clk 0:59:47]} Qc2 {[%clk 0:49:25]} 25. Rde1 {[%clk 0:59:09]} g5
{[%clk 0:46:23]} 26. Qxg5+ {[%clk 0:53:47]} Bg6 {[%clk 0:45:14]} 27. h4
{[%clk 0:52:18]} Rf8 {[%clk 0:44:15]} 28. Rxd5 {[%clk 0:51:32]} f6
{[%clk 0:42:44]} 29. Qf4 {[%clk 0:50:15]} Rad8 {[%clk 0:35:06]} 30. Rxd8
{[%clk 0:50:04]} Rxd8 {[%clk 0:35:29]} 31. Qxf6 {[%clk 0:48:44]} Rd1
{[%clk 0:34:10]} 32. Qe6+ {[%clk 0:48:41]} Kg7 {[%clk 0:34:03]} 33. Qe5+
{[%clk 0:47:55]} Kg8 {[%clk 0:34:25]} 34. Qb8+ {[%clk 0:48:07]} Kg7
{[%clk 0:34:23]} 35. Qxa7+ {[%clk 0:47:51]} Kg8 {[%clk 0:34:33]} 36. Qb8+
{[%clk 0:48:02]} Kg7 {[%clk 0:34:57]} 37. Qe5+ {[%clk 0:48:25]} Kg8
{[%clk 0:35:21]} 38. h5 {[%clk 0:48:14]} Rxe1+ {[%clk 0:35:09]} 39. Nxe1
{[%clk 0:48:32]} Qe4 {[%clk 0:35:32]} 40. Qxe4 {[%clk 0:47:58]} Bxe4
{[%clk 0:35:57]} 41. Kf1 {[%clk 0:48:15]} Bb1 {[%clk 0:36:10]} 42. a3
{[%clk 0:48:27]} Ba2 {[%clk 0:35:58]} 43. b4 {[%clk 0:48:51]} c4 {[%clk 0:34:54]}
44. Ke2 {[%clk 0:49:13]} Kf7 {[%clk 0:35:12]} 45. Kd2 {[%clk 0:49:36]} Ke6
{[%clk 0:35:29]} 46. Kc3 {[%clk 0:49:59]} Kd5 {[%clk 0:35:05]} 47. Nc2
{[%clk 0:50:17]} Kc6 {[%clk 0:35:31]} 48. Ne3 {[%clk 0:50:38]} Kb5
{[%clk 0:35:55]} 49. f4 {[%clk 0:50:59]} 1-0

[Event "PMPJ 2022 - C17"]
[Site "Jastrzebia Gora"]
[Date "2022.11.07"]
[Round "2.3"]
[White "Pieczulis, Blazej"]
[Black "Ullrich, Karol"]
[Result "1-0"]
[BlackElo "1848"]
[WhiteElo "1693"]
[LiveChessVersion "1.4.8"]

1. e4 {[%clk 1:30:51]} c6 {[%clk 1:30:46]} 2. d4 {[%clk 1:30:47]} d5
{[%clk 1:31:11]} 3. e5 {[%clk 1:30:51]} Bf5 {[%clk 1:31:33]} 4. h4
{[%clk 1:30:29]} h5 {[%clk 1:29:57]} 5. Bd3 {[%clk 1:30:12]} Bxd3
{[%clk 1:27:39]} 6. Qxd3 {[%clk 1:30:39]} e6 {[%clk 1:27:34]} 7. Nf3
{[%clk 1:28:52]} Ne7 {[%clk 1:23:00]} 8. Nbd2 {[%clk 1:20:46]} b6
{[%clk 1:11:00]} 9. c4 {[%clk 1:14:12]} Nf5 {[%clk 1:07:04]} 10. Nb3
{[%clk 1:07:18]} Bb4+ {[%clk 1:00:45]} 11. Bd2 {[%clk 1:06:22]} Bxd2+
{[%clk 0:59:42]} 12. Nbxd2 {[%clk 1:06:25]} c5 {[%clk 0:54:48]} 13. Nb3
{[%clk 0:58:34]} cxd4 {[%clk 0:52:41]} 14. Nbxd4 {[%clk 0:58:38]} Nxd4
{[%clk 0:52:28]} 15. Qxd4 {[%clk 0:57:39]} Nc6 {[%clk 0:52:06]} 16. Qf4
{[%clk 0:54:56]} b5 {[%clk 0:37:14]} 17. cxd5 {[%clk 0:49:50]} Qxd5
{[%clk 0:35:23]} 18. O-O {[%clk 0:48:31]} Rc8 {[%clk 0:16:46]} 19. Rac1
{[%clk 0:31:11]} Qxa2 {[%clk 0:13:12]} 20. Ng5 {[%clk 0:31:15]} Rf8
{[%clk 0:11:38]} 21. Ne4 {[%clk 0:28:32]} Kd7 {[%clk 0:05:01]} 22. Rfd1+
{[%clk 0:16:59]} Kc7 {[%clk 0:04:16]} 23. Nd6 {[%clk 0:17:01]} Rb8
{[%clk 0:03:20]} 24. Qg5 {[%clk 0:13:21]} Kb6 {[%clk 0:01:45]} 25. Qe3+
{[%clk 0:13:03]} Kc7 {[%clk 0:01:36]} 26. Ra1 {[%clk 0:12:25]} Qxb2
{[%clk 0:01:37]} 27. Rxa7+ {[%clk 0:12:46]} Nxa7 {[%clk 0:01:24]} 28. Qxa7+
{[%clk 0:12:50]} Kc6 {[%clk 0:01:39]} 29. Nxf7 {[%clk 0:08:29]} Rb7
{[%clk 0:00:36]} 30. Qa6+ {[%clk 0:08:20]} Kc7 {[%clk 0:00:31]} 31. Qd6+
{[%clk 0:08:45]} Kc8 {[%clk 0:00:56]} 32. Qxf8+ {[%clk 0:09:09]} 1-0

[Event "PMPJ 2022 - C17"]
[Site "Jastrzebia Gora"]
[Date "2022.11.07"]
[Round "2.4"]
[White "Lis, Maksymilian"]
[Black "Kozlowski, Franciszek"]
[Result "0-1"]
[BlackElo "1842"]
[WhiteElo "1684"]
[LiveChessVersion "1.4.8"]

1. d4 {[%clk 1:30:53]} Nf6 {[%clk 1:30:27]} 2. c4 {[%clk 1:31:12]} e6
{[%clk 1:30:27]} 3. Nc3 {[%clk 1:31:28]} Bb4 {[%clk 1:30:23]} 4. e3
{[%clk 1:31:50]} O-O {[%clk 1:29:24]} 5. Bd3 {[%clk 1:32:12]} c5 {[%clk 1:23:19]}
6. Nge2 {[%clk 1:29:37]} d5 {[%clk 1:19:38]} 7. O-O {[%clk 1:29:17]} dxc4
{[%clk 1:12:50]} 8. Bxc4 {[%clk 1:29:41]} a6 {[%clk 1:11:56]} 9. dxc5
{[%clk 1:29:35]} Bxc5 {[%clk 1:09:40]} 10. a3 {[%clk 1:26:38]} b5
{[%clk 1:08:45]} 11. Ba2 {[%clk 1:27:02]} Bb7 {[%clk 1:07:15]} 12. b4
{[%clk 1:26:23]} Be7 {[%clk 1:04:38]} 13. Bb2 {[%clk 1:25:54]} Qb6
{[%clk 1:02:12]} 14. Ng3 {[%clk 1:18:13]} Qc6 {[%clk 0:59:09]} 15. f3
{[%clk 1:16:57]} Rd8 {[%clk 0:57:47]} 16. Qe2 {[%clk 1:15:30]} Qb6
{[%clk 0:52:08]} 17. Rac1 {[%clk 1:14:08]} Nc6 {[%clk 0:46:25]} 18. Nce4
{[%clk 1:06:52]} Nd5 {[%clk 0:44:58]} 19. Nc5 {[%clk 0:53:15]} a5
{[%clk 0:33:08]} 20. Bb1 {[%clk 0:49:30]} g6 {[%clk 0:29:22]} 21. Nxb7
{[%clk 0:41:06]} Qxb7 {[%clk 0:29:37]} 22. Bd3 {[%clk 0:38:33]} axb4
{[%clk 0:27:27]} 23. Bxb5 {[%clk 0:35:46]} Rdc8 {[%clk 0:26:07]} 24. axb4
{[%clk 0:29:20]} Ncxb4 {[%clk 0:25:34]} 25. Bc4 {[%clk 0:22:12]} Bc5
{[%clk 0:24:25]} 26. Bd4 {[%clk 0:22:04]} Bxd4 27. exd4 {[%clk 0:22:26]} Qb6
{[%clk 0:23:04]} 28. Qf2 {[%clk 0:21:23]} Ra3 {[%clk 0:19:54]} 29. Qb2
{[%clk 0:17:02]} Rc3 {[%clk 0:18:30]} 30. Bxd5 {[%clk 0:09:47]} Qxd4+
{[%clk 0:14:08]} 31. Kh1 {[%clk 0:10:09]} Nxd5 {[%clk 0:14:25]} 32. h3
{[%clk 0:06:26]} Qc5 {[%clk 0:10:33]} 33. Ne4 {[%clk 0:02:11]} Rxc1
{[%clk 0:10:38]} 34. Nxc5 {[%clk 0:02:37]} Rxf1+ {[%clk 0:11:04]} 35. Kh2
{[%clk 0:03:01]} Rxc5 {[%clk 0:11:01]} 36. Qb8+ {[%clk 0:03:23]} Kg7
{[%clk 0:11:09]} 37. Qe5+ {[%clk 0:03:44]} Kg8 {[%clk 0:09:22]} 38. Qb8+
{[%clk 0:04:04]} Kg7 {[%clk 0:09:50]} 39. Qe5+ {[%clk 0:04:29]} f6
{[%clk 0:08:21]} 40. Qxe6 {[%clk 0:04:51]} Rfc1 {[%clk 0:08:27]} 41. Qd7+
{[%clk 0:02:35]} Kf8 {[%clk 0:08:46]} 42. Qd8+ {[%clk 0:02:56]} Kf7
{[%clk 0:09:03]} 43. Qh8 {[%clk 0:03:14]} Ne7 {[%clk 0:09:05]} 44. Qxh7+
{[%clk 0:03:37]} Ke6 {[%clk 0:09:27]} 45. Qh6 {[%clk 0:02:52]} g5
{[%clk 0:09:28]} 46. Qh7 {[%clk 0:02:08]} Rf5 {[%clk 0:07:30]} 47. Qh5
{[%clk 0:02:14]} Rf4 {[%clk 0:07:25]} 48. Qe8 {[%clk 0:02:23]} Rc8
{[%clk 0:07:38]} 49. Qb5 {[%clk 0:02:36]} Rfc4 {[%clk 0:07:56]} 50. Qb3
{[%clk 0:02:48]} Kf7 {[%clk 0:08:18]} 51. Qd3 {[%clk 0:02:50]} Kg7
{[%clk 0:08:39]} 52. Qd7 {[%clk 0:02:52]} R8c7 {[%clk 0:09:03]} 53. Qd3
{[%clk 0:02:59]} Ng6 {[%clk 0:09:25]} 54. Qf5 {[%clk 0:02:34]} Rc2
{[%clk 0:09:49]} 55. Kg1 {[%clk 0:02:28]} Rxg2+ {[%clk 0:10:13]} 0-1

[Event "PMPJ 2022 - C17"]
[Site "Jastrzebia Gora"]
[Date "2022.11.07"]
[Round "2.5"]
[White "Taranowicz, Michal"]
[Black "Wesolek, Krzysztof"]
[Result "1-0"]
[BlackElo "1667"]
[WhiteElo "1797"]
[LiveChessVersion "1.4.8"]

1. d4 Nf6 2. Bg5 c6 3. Nf3 d5 4. e3 Bf5 5. Nbd2 Nbd7 6. Be2 e6 7. c4 Be7 8. Bxf6
Nxf6 9. Ne5 Nd7 10. Ndf3 Bb4+ 11. Kf1 Nxe5 12. dxe5 Qe7 13. a3 Ba5 14. Nd4 Bg6
15. cxd5 exd5 16. f4 Be4 17. Qa4 Bb6 18. Nxc6 Qc5 19. Nd4+ Kf8 20. Kf2 Qe7 21.
Rac1 g5 22. Bf3 gxf4 23. exf4 f6 24. exf6 Qxf6 25. Qb4+ Kg7 26. Rhd1 Rhc8 27. Rc3
Bxf3 28. Kxf3 Re8 29. g4 Re4 30. Nf5+ Kh8 31. Qd6 Re6 32. Qxd5 Rd8 33. Qb3 Rde8
34. Rcd3 Re2 35. R1d2 Re1 36. Qc3 Qxc3 37. Rxc3 Rf1+ 38. Kg3 Rg1+ 39. Rg2 Rge1
40. Rgc2 Rg1+ 41. Kh3 Rg8 42. Nh6 Re8 43. Rc8 Rge1 44. Rxe8+ Rxe8 45. Nf7+ Kg7
46. Ne5 Rd8 47. g5 Rd5 48. Kg4 Bd8 49. Kf5 Rd6 50. h4 h6 51. Rc8 hxg5 52. hxg5
Bb6 1-0